| 000 | 00570pam a2200193 a 4500 | ||
|---|---|---|---|
| 020 | _a0849343585 (set) | ||
| 020 | _a0849343593 (v. 1) | ||
| 020 | _a0849343607 (v. 2) | ||
| 040 | _cDLC | ||
| 082 | 0 | 0 | _a574 CRC 1988 A063 Or. |
| 245 | 0 | 0 | _aPhosphatidate phosphohydrolase / |
| 260 |
_aBoca Raton, Fla. : _bCRC Press, _cc1988. |
||
| 300 |
_a2 v. : _bill. ; _c27 cm. |
||
| 650 | 0 | _aPhosphatidate phosphatase. | |
| 650 | 2 | _aPhosphomonoesterases. | |
| 700 | 1 | _aBrindley, David N. | |
| 856 | 4 | 2 | _uhttp://www.loc.gov/catdir/enhancements/fy0665/87020867-d.html |
| 942 | _cEK | ||
| 999 |
_c15067 _d15067 |
||